000 00494ngm a2200193 i 4500
001 C2-0310468
003 PPAK
005 20180727220713.0
008 110620s2005 xxu|||| ||||| | vleng d
040 _aPPAK
_beng
_cPPAK
_erda
245 0 0 _aHotel for dogs
264 1 _aUnited States :
_bDreamworks ,
_c2005
336 _2rdacontent
_atext
337 _2rdamedia
_aunmediated
338 _2rdacarrier
_avolume
700 _eauthor
700 1 _aKahn, Sheldon,
_eeditor
942 _2ddc
_cDVD
999 _c166447
_d166447